Grandeza y decadencia de Roma / (Record no. 5809)

000 -CABECERA
fixed length control field 00903nam a22002297a 4500
003 - IDENTIFICADOR DEL NÚMERO DE CONTROL
control field AR-CdUCM
008 - DATOS DE LONGITUD FIJA--INFORMACIÓN GENERAL
fixed length control field 190313b ||||| |||| 00| 0 spa d
040 ## - FUENTE DE LA CATALOGACIÓN
Agencia/entidad que catalogó originalmente la obra MUNICIPALIDAD PROVINCIAL DEL CUSCO
Entidad que transcribió la catalogación BIBLIOTECA MUNICIPAL DEL CUSCO
082 ## - NÚMERO DE LA CLASIFICACIÓN DECIMAL DEWEY
No. de Clasificación 937 /
Notacion interna F43
100 ## - ENTRADA PRINCIPAL--NOMBRE DE PERSONA
Nombre Personal Ferrero, Guglielmo
245 ## - MENCIÓN DE TÍTULO
Título Grandeza y decadencia de Roma /
260 ## - PUBLICACIÓN, DISTRIBUCIÓN, ETC.
Lugar de publicación, distribución, etc. Buenos Aires :
Nombre de la editorial, distribuidor, etc. Ediciones Siglo veinte,
Fecha de publicación, distribución, etc. 1952.
300 ## - DESCRIPCIÓN FÍSICA
Nº de Páginas Extensión 6 tomos ;
Dimensiones 20 cm.
505 ## - NOTA DE CONTENIDO CON FORMATO
Nota de contenido formateada Contenido: t.1: La conquista -- t.2: Julio Cesar -- t.3: Fin de una aristocracia -- t.4: Antonio y Cleopatra -- t.6 -- El Egipto de occidente -- La gran crisis de las provincias europeas -- La conquista de Germanía -- Augusto y el gran imperio ...
650 ## - PUNTO DE ACCESO ADICIONAL DE MATERIA--TÉRMINO DE MATERIA
Descriptor Historia
9 (RLIN) 136
650 ## - PUNTO DE ACCESO ADICIONAL DE MATERIA--TÉRMINO DE MATERIA
Descriptor Roma
9 (RLIN) 2474
650 ## - PUNTO DE ACCESO ADICIONAL DE MATERIA--TÉRMINO DE MATERIA
Descriptor Conquista
9 (RLIN) 1045
700 ## - PUNTO DE ACCESO ADICIONAL--NOMBRE DE PERSONA
Nombre Personal Aparicio, Giges M. (traducción)
9 (RLIN) 17221
942 ## - ELEMENTOS DE PUNTO DE ACCESO ADICIONAL (KOHA)
Fuente de clasificación
Tipo de item Libros-BMC
945 ## - PROCESAMIENTO DE INFORMACIÓN LOCAL (OCLC)
Catalogador acv
Holdings
Estado de retiro (separado) Fuente de clasificación o esquema de estanterías Estado dañado Ubicación Sala donde se ubica Nombre de la colección Fecha de adquisición o compra Costo, precio normal en soles Signatura topográfica Código de Barras Última vez visto (Koha) Tipo de ítem (Koha)
No     Sala Humanidades Sala Humanidades Book Cart 2019-03-13 20.00 937 / F43 / t.6 SH0000006212 2019-03-13 Libros-BMC
No     Sala Humanidades Sala Humanidades Book Cart 2019-03-19 20.00 937 / F43 / t.2 SH0000007927 2019-03-19 Libros-BMC
No     Sala Humanidades Sala Humanidades Book Cart 2019-03-19 20.00 937 / F43 / t.3 SH0000007928 2019-03-19 Libros-BMC
No     Sala Humanidades Sala Humanidades Book Cart 2019-03-19 20.00 937 / F43 / t.4 SH0000007929 2019-03-19 Libros-BMC
No     Sala Humanidades Sala Humanidades Book Cart 2019-03-13 20.00 937 / F43 / t.1 SH0000008482 2019-03-21 Libros-BMC

Powered by Koha